[Event "PRO League Group Stage"]
[Site "chess.com INT"]
[Date "2018.02.24"]
[Round "7"]
[White "Zwardon, Vojtech"]
[Black "Banawa, Joel"]
[Result "0-1"]
[WhiteTitle "IM"]
[BlackTitle "IM"]
[WhiteElo "2412"]
[BlackElo "2397"]
[WhiteTeam "Riga Magicians"]
[BlackTeam "Las Vegas Desert Rats"]
[WhiteFideId "325511"]
[BlackFideId "2024055"]
[EventDate "2018.01.18"]

1. c4 Nf6 2. g3 e6 3. Bg2 d5 4. Nf3 Be7 5. O-O O-O 6. b3 b6 7. Bb2 Bb7 8. cxd5
Nxd5 9. Na3 c5 10. Nc4 Nc6 11. Rc1 Rc8 12. a3 Qd7 13. Qc2 Rfd8 14. Rfd1 Bf6 15.
e4 Nd4 16. Nxd4 cxd4 17. Qd3 Nc7 18. e5 Bxg2 19. exf6 Ba8 20. f3 Qd5 21. fxg7 e5
22. Re1 f6 23. Qf5 Qxf3 24. Qxf3 Bxf3 25. Rf1 e4 26. d3 f5 27. Ne5 Be2 28. Nc6
Re8 29. dxe4 Bxf1 30. Kxf1 d3 31. exf5 d2 32. Rd1 Nd5 33. Rxd2 Ne3+ 34. Kg1 Rxc6
35. f6 Ng4 36. b4 Nxf6 37. b5 Rce6 38. Bd4 Rd6 0-1

[Event "PRO League Group Stage"]
[Site "chess.com INT"]
[Date "2018.02.24"]
[Round "7"]
[White "Zwardon, Vojtech"]
[Black "Gurevich, Daniel"]
[Result "0-1"]
[WhiteTitle "IM"]
[BlackTitle "IM"]
[WhiteElo "2412"]
[BlackElo "2483"]
[WhiteTeam "Riga Magicians"]
[BlackTeam "Minnesota Blizzard"]
[WhiteFideId "325511"]
[BlackFideId "2044676"]
[EventDate "2018.01.18"]

1. c4 e5 2. g3 Nf6 3. Bg2 d5 4. cxd5 Nxd5 5. Nf3 Nc6 6. O-O Nb6 7. b3 g6 8. Bb2
Bg7 9. Nc3 O-O 10. Rc1 f5 11. d3 Nd4 12. Ba3 Rf7 13. Qd2 Nxf3+ 14. Bxf3 c6 15.
Bg2 Be6 16. Rfd1 Rd7 17. Qc2 Nd5 18. Na4 Bf7 19. Nc5 Rc7 20. Bb2 Qe7 21. Ba3
Rac8 22. Qb2 e4 23. d4 e3 24. f4 Qe8 25. Nd3 Rd8 26. Ne5 Bxe5 27. dxe5 Rcd7 28.
Bc5 b6 29. Bd6 Rxd6 30. exd6 Rxd6 31. Qe5 Qd7 32. Bxd5 Bxd5 33. Qxe3 Re6 34. Qf2
Qe7 35. Rxd5 cxd5 36. Rc8+ Kf7 37. Qd4 Rxe2 38. Qxd5+ Kg7 39. Qd4+ Kh6 40. Rc1
Rxa2 41. Qd3 Qb7 42. Rc2 Ra1+ 43. Kf2 Qh1 44. Ke3 Re1+ 45. Kd4 Qg1+ 46. Kc3 Re3 0-1

[Event "PRO League Group Stage"]
[Site "chess.com INT"]
[Date "2018.02.24"]
[Round "7"]
[White "Nakamura, Hikaru"]
[Black "Sharafiev, Azat"]
[Result "1-0"]
[WhiteTitle "GM"]
[BlackTitle "IM"]
[WhiteElo "2781"]
[BlackElo "2432"]
[WhiteTeam "Seattle Sluggers"]
[BlackTeam "Volga Stormbringers"]
[WhiteFideId "2016192"]
[BlackFideId "4186214"]
[EventDate "2018.01.18"]

1. Nf3 c5 2. e4 e6 3. d4 cxd4 4. Nxd4 Nf6 5. Bd3 Nc6 6. Nxc6 dxc6 7. O-O e5 8.
Nd2 Bc5 9. Nb3 Bb6 10. a4 a5 11. Qe1 O-O 12. Bg5 h6 13. Bh4 Qd6 14. Nd2 Bc7 15.
Nc4 Qe6 16. f3 Nh5 17. Bf2 Nf4 18. Kh1 Qg6 19. Rg1 Nxd3 20. cxd3 Rd8 21. Qc3 f6
22. Bb6 Bxb6 23. Nxb6 Ra6 24. Qc5 Qe8 25. Nxc8 Rxc8 26. d4 exd4 27. Qxd4 Rd8 28.
Qc4+ Qf7 29. Qc3 Qd7 30. h3 Qd3 31. Qc5 Qd4 32. Qh5 Rb6 33. Rae1 Qe5 34. Qxe5
fxe5 35. Rc1 Rxb2 36. Rc5 Rdd2 37. Rxa5 b5 38. axb5 cxb5 39. Ra7 b4 40. Rb7 Rf2
41. h4 h5 42. Rb5 b3 43. Rxe5 Rbc2 44. Rxh5 b2 45. Rb5 Kh7 46. Rb3 Kh6 47. Kh2
Rfd2 48. Kh3 Rf2 49. g3 g5 50. hxg5+ Kxg5 51. Rb5+ Kf6 52. Kg4 Rfd2 53. Rh1 Kg7
54. Rb7+ Kg6 55. f4 Rg2 56. e5 Rcf2 57. f5+ Rxf5 58. Rb6+ Kg7 59. Kxf5 1-0

[Event "PRO League Group Stage"]
[Site "chess.com INT"]
[Date "2018.02.24"]
[Round "7"]
[White "Nakamura, Hikaru"]
[Black "Salem, A.R. Saleh"]
[Result "1-0"]
[WhiteTitle "GM"]
[BlackTitle "GM"]
[WhiteElo "2781"]
[BlackElo "2642"]
[WhiteTeam "Seattle Sluggers"]
[BlackTeam "Delhi Dynamite"]
[WhiteFideId "2016192"]
[BlackFideId "9301348"]
[EventDate "2018.01.18"]

1. e4 d6 2. d4 Nf6 3. Nc3 g6 4. f4 Bg7 5. Nf3 O-O 6. Be2 Na6 7. O-O c5 8. d5 Bg4
9. h3 Bxf3 10. Bxf3 Nc7 11. Ne2 b5 12. Be3 Rb8 13. c3 Nd7 14. Qd2 a5 15. g4 a4
16. Rae1 Nb6 17. b3 Ra8 18. f5 axb3 19. axb3 Nd7 20. Bg2 Ra3 21. b4 Qa8 22. Bh6
Ra2 23. Qf4 f6 24. Bxg7 Kxg7 25. g5 Qa7 26. Kh1 Ne5 27. Qh4 Rf7 28. Nf4 Kg8 29.
Qg3 c4 30. h4 Kh8 31. Bh3 Ne8 32. fxg6 hxg6 33. h5 gxh5 34. g6 Rf8 35. Be6 Ng7
36. Qh3 Nd3 37. Nxh5 1-0

[Event "PRO League Group Stage"]
[Site "chess.com INT"]
[Date "2018.02.24"]
[Round "7"]
[White "Nakamura, Hikaru"]
[Black "Hjartarson, Johann"]
[Result "1-0"]
[WhiteTitle "GM"]
[BlackTitle "GM"]
[WhiteElo "2781"]
[BlackElo "2536"]
[WhiteTeam "Seattle Sluggers"]
[BlackTeam "Reykjavik Puffins"]
[WhiteFideId "2016192"]
[BlackFideId "2300044"]
[EventDate "2018.01.18"]

1. e4 g6 2. d4 Bg7 3. Nc3 d6 4. f4 a6 5. Nf3 b5 6. Bd3 Nd7 7. Be3 Bb7 8. e5 e6
9. Be4 Bxe4 10. Nxe4 d5 11. Nf2 h5 12. a4 Nh6 13. Nd3 O-O 14. O-O Qb8 15. h3 Nb6
16. a5 Nd7 17. Re1 Rc8 18. Qd2 Bf8 19. b4 Re8 20. Bf2 Be7 21. f5 Nxf5 22. g4 Ng7
23. Qh6 Nf8 24. Nf4 Qd8 25. Kh2 Nh7 26. Rg1 hxg4 27. hxg4 Bg5 28. Nxg5 Qxg5 29.
Qxg5 Nxg5 30. Kg2 Ne4 31. Rh1 g5 32. Nd3 Nxf2 33. Kxf2 f5 34. exf6 Rf8 35. Ke2
Ne8 36. Ne5 Nxf6 37. Rh6 Rae8 38. Rg6+ Kh8 39. Rh1+ Nh7 40. Rgh6 1-0

[Event "PRO League Group Stage"]
[Site "chess.com INT"]
[Date "2018.02.24"]
[Round "7"]
[White "Nakamura, Hikaru"]
[Black "Degraeve, Jean-Marc"]
[Result "1-0"]
[WhiteTitle "GM"]
[BlackTitle "GM"]
[WhiteElo "2781"]
[BlackElo "2570"]
[WhiteTeam "Seattle Sluggers"]
[BlackTeam "Marseille Migraines"]
[WhiteFideId "2016192"]
[BlackFideId "600270"]
[EventDate "2018.01.18"]

1. e4 Nf6 2. d3 d5 3. Nd2 dxe4 4. dxe4 e5 5. Ngf3 Bd6 6. g3 b6 7. Bg2 Ba6 8. c4
O-O 9. O-O Nbd7 10. a3 Bb7 11. Qc2 a5 12. b3 Nc5 13. Re1 Ne6 14. Bb2 Nd7 15. Nf1
c5 16. Ne3 Nd4 17. Qd3 a4 18. Nf5 Qf6 19. N3xd4 cxd4 20. b4 g6 21. Nxd4 exd4 22.
f4 Rad8 23. e5 Bxe5 24. Bxb7 Bc7 25. Rad1 Nb8 26. Bd5 Nc6 27. Qe4 Rd6 28. b5 Nd8
29. Bxd4 Qf5 30. Qxf5 gxf5 31. Re7 Bb8 32. Be5 1-0

[Event "PRO League Group Stage"]
[Site "chess.com INT"]
[Date "2018.02.24"]
[Round "7"]
[White "Kuznecov, Mikhail"]
[Black "Bykhovsky, Anatoly"]
[Result "1-0"]
[WhiteTitle "FM"]
[BlackTitle "GM"]
[WhiteElo "2378"]
[BlackElo "2496"]
[WhiteTeam "Volga Stormbringers"]
[BlackTeam "Montclair Sopranos"]
[WhiteFideId "4189159"]
[BlackFideId "2806991"]
[EventDate "2018.01.18"]

1. d4 Nf6 2. Bf4 g6 3. e3 Bg7 4. Nf3 O-O 5. Be2 d6 6. O-O Nh5 7. Bg5 h6 8. Bh4
g5 9. Nfd2 gxh4 10. Bxh5 e5 11. c3 f5 12. h3 Nd7 13. Be2 Kh8 14. dxe5 dxe5 15.
Nf3 e4 16. Nd4 Ne5 17. Na3 Qg5 18. f4 exf3 19. Nxf3 Qxe3+ 20. Kh1 Ng6 21. Nc4
Qc5 22. Nfd2 Be6 23. Qc2 Rad8 24. Rae1 Bg8 25. Nb3 Qc6 26. Ne3 f4 27. Ng4 Bh7
28. Bf3 Qb6 29. Qc1 h5 30. Nh2 Ne5 31. Be4 Bxe4 32. Rxe4 Nd3 33. Qc2 Qg6 34. Re2
f3 35. Nxf3 Qg3 36. Nbd2 Nf4 37. Ne4 Qg6 38. Nxh4 Qc6 39. Ref2 Ne6 40. Ng6+ 1-0

[Event "PRO League Group Stage"]
[Site "chess.com INT"]
[Date "2018.02.24"]
[Round "7"]
[White "Kuznecov, Mikhail"]
[Black "Gorovets, Andrey"]
[Result "1-0"]
[WhiteTitle "FM"]
[BlackTitle "GM"]
[WhiteElo "2378"]
[BlackElo "2517"]
[WhiteTeam "Volga Stormbringers"]
[BlackTeam "Dallas Destiny"]
[WhiteFideId "4189159"]
[BlackFideId "13504037"]
[EventDate "2018.01.18"]

1. d4 e6 2. Bf4 f5 3. e3 Nf6 4. Nd2 b6 5. Ngf3 Bb7 6. Be2 Bd6 7. Bxd6 cxd6 8. c3
Nc6 9. Qa4 d5 10. Ba6 Bxa6 11. Qxa6 O-O 12. O-O Ne4 13. Qe2 Qe7 14. Nxe4 dxe4
15. Nd2 d5 16. a3 Rf6 17. f4 g5 18. c4 Qd6 19. cxd5 exd5 20. fxg5 Rf7 21. Rf4
Nxd4 22. Qf2 Ne6 23. Rxf5 Raf8 24. Rxf7 Rxf7 25. Qh4 Qe5 26. Rb1 Nxg5 27. Nf1
Qf6 28. Qg3 Kh8 29. Rc1 Rf8 30. h3 Rg8 31. Kh1 Qxb2 32. Rc2 Qa1 33. Rf2 Nf3 34.
Qf4 Ne1 35. Qh6 Qg7 36. Qxg7+ Kxg7 37. Re2 Nd3 38. Rc2 Kf6 39. Kh2 Nc5 40. Ng3
Ke5 41. Rf2 Nd3 42. Rf7 a5 43. Rb7 Rg6 44. Rxh7 b5 45. Ra7 b4 46. axb4 axb4 47.
Rb7 Rc6 48. Ne2 Rc2 49. Nd4 Rf2 50. Kg3 Rf6 51. h4 Rg6+ 52. Kh2 Ne1 53. Rxb4
Rxg2+ 54. Kh3 Rg1 55. Rb6 Rh1+ 56. Kg3 Rg1+ 57. Kh2 Nf3+ 58. Nxf3+ 1-0

[Event "PRO League Group Stage"]
[Site "chess.com INT"]
[Date "2018.02.24"]
[Round "7"]
[White "Kuznecov, Mikhail"]
[Black "Zherebukh, Yaroslav"]
[Result "0-1"]
[WhiteTitle "FM"]
[BlackTitle "GM"]
[WhiteElo "2378"]
[BlackElo "2636"]
[WhiteTeam "Volga Stormbringers"]
[BlackTeam "Saint Louis Arch Bishops"]
[WhiteFideId "4189159"]
[BlackFideId "14116804"]
[EventDate "2018.01.18"]

1. d4 Nf6 2. Bf4 g6 3. e3 Bg7 4. Nf3 O-O 5. Be2 d6 6. O-O c5 7. c3 cxd4 8. cxd4
Qb6 9. Qb3 Qxb3 10. axb3 Nc6 11. Nc3 Bd7 12. Bg5 Rfc8 13. Rfc1 Kf8 14. Nd2 h6
15. Bh4 g5 16. Bg3 Nb4 17. f3 a6 18. Nc4 Nfd5 19. Bf2 b5 20. Nd2 f5 21. g3 f4
22. Nxd5 Nxd5 23. gxf4 gxf4 24. exf4 Nxf4 25. Bf1 Rxc1 26. Rxc1 Rc8 27. Rxc8+
Bxc8 28. Be3 Nd5 29. Kf2 Nb4 30. Ne4 Be6 31. Nc3 Bxb3 32. f4 Nc2 33. d5 Nxe3 34.
Kxe3 b4 35. Ne4 a5 36. Nd2 Bxd5 37. b3 Bc3 38. Nc4 Kg7 39. Be2 Kf6 40. Nxa5 e5
41. Nc4 Bd4+ 42. Kd3 Bg1 43. fxe5+ dxe5 44. h3 Kf5 45. Nd6+ Kf4 46. Bd1 Bf2 47.
Nc8 Be6 48. Ne7 e4+ 49. Ke2 Bc5 50. Ng6+ Kf5 51. Nh4+ Kg5 52. Ng2 Bxh3 53. Ne3
Be6 54. Bc2 Kf4 55. Ng2+ Ke5 56. Nh4 Bg4+ 57. Kd2 Bf2 58. Ng6+ Kd4 0-1

[Event "PRO League Group Stage"]
[Site "chess.com INT"]
[Date "2018.02.24"]
[Round "7"]
[White "Kuznecov, Mikhail"]
[Black "Ju, Wenjun"]
[Result "0-1"]
[WhiteTitle "FM"]
[BlackTitle "GM"]
[WhiteElo "2378"]
[BlackElo "2572"]
[WhiteTeam "Volga Stormbringers"]
[BlackTeam "Chengdu Pandas"]
[WhiteFideId "4189159"]
[BlackFideId "8603006"]
[EventDate "2018.01.18"]

1. d4 f5 2. Bf4 Nf6 3. e3 g6 4. Nf3 Bg7 5. Be2 d6 6. Nbd2 O-O 7. h3 Qe8 8. O-O
Nbd7 9. c3 e5 10. dxe5 dxe5 11. Bh2 Kh8 12. Qc2 Qe7 13. Rfe1 b6 14. Nc4 Ne4 15.
Rad1 Bb7 16. Bf1 g5 17. Nfd2 Nxd2 18. Qxd2 Nc5 19. f3 Rad8 20. Qc2 e4 21. b4 Ne6
22. fxe4 Bxe4 23. Bd3 Rxd3 24. Rxd3 g4 25. hxg4 fxg4 26. Bg3 Ng5 27. Nd2 Bxd3
28. Qxd3 Rd8 29. Qc2 Rxd2 30. Qxd2 Ne4 31. Qe2 Nxg3 32. Qxg4 Ne4 33. Rf1 Nd6 34.
Qf3 Bxc3 35. Qa8+ Kg7 36. Rf3 Ne4 37. Qd5 Ng5 38. Rg3 h6 39. b5 Be1 40. Rg4
Qxe3+ 41. Kh1 Bc3 42. Qd1 Bf6 43. Rc4 Qe7 44. Qc1 Be5 45. Qf1 Bd6 46. Qa1+ Kg8
47. Ra4 Ne4 48. Qe1 Ng3+ 0-1

[Event "PRO League Group Stage"]
[Site "chess.com INT"]
[Date "2018.02.24"]
[Round "7"]
[White "Thavandiran, Shiyam"]
[Black "Summerscale, Aaron P"]
[Result "1/2-1/2"]
[WhiteTitle "IM"]
[BlackTitle "GM"]
[WhiteElo "2399"]
[BlackElo "2395"]
[WhiteTeam "Montreal Chessbrahs"]
[BlackTeam "London Towers"]
[WhiteFideId "2605058"]
[BlackFideId "400980"]
[EventDate "2018.01.18"]

1. e4 e6 2. d4 d5 3. exd5 exd5 4. Nf3 Nf6 5. Bd3 Bd6 6. O-O O-O 7. Nc3 Bg4 8.
Bg5 c6 9. Ne2 Bxf3 10. gxf3 Nbd7 11. Ng3 Qc7 12. Qd2 Rfe8 13. Kh1 Kh8 14. Rg1
Ng8 15. c3 Nf8 16. Nf5 Ne6 17. Nxd6 Qxd6 18. Be3 Ne7 19. Qc2 Nf4 20. Rg3 Neg6
21. Rag1 Nxd3 22. Qxd3 Qf6 23. Rh3 Kg8 24. Rg5 h6 25. Rg1 Nf4 26. Bxf4 Qxf4 27.
Rhg3 Qf6 28. Qd2 Re6 29. Re1 Rae8 30. Rxe6 Rxe6 31. Kg2 a6 32. a4 b5 33. axb5
axb5 34. Kf1 Qf5 35. Kg2 Qb1 36. Qf4 Qxb2 37. Qb8+ Kh7 38. Qf8 Rg6 39. Qxf7
Rxg3+ 40. hxg3 Qxc3 41. Qf5+ Kg8 42. Qc8+ Kf7 43. Qd7+ Kf8 44. Qd8+ Kf7 45. Qd7+
Kf8 46. Qd8+ Kf7 47. Qd7+ Kf8 48. Qd8+ 1/2-1/2

[Event "PRO League Group Stage"]
[Site "chess.com INT"]
[Date "2018.02.24"]
[Round "7"]
[White "Thavandiran, Shiyam"]
[Black "Kukk, Sander"]
[Result "1/2-1/2"]
[WhiteTitle "IM"]
[WhiteElo "2399"]
[BlackElo "2178"]
[WhiteTeam "Montreal Chessbrahs"]
[BlackTeam "Estonia Horses"]
[WhiteFideId "2605058"]
[BlackFideId "4502094"]
[EventDate "2018.01.18"]

1. e4 g6 2. d4 Bg7 3. Nc3 d6 4. Be3 Nf6 5. Qd2 O-O 6. Nf3 Bg4 7. Ng5 h6 8. h3
Bd7 9. Nf3 Kh7 10. e5 Ng8 11. h4 Nc6 12. O-O-O dxe5 13. Nxe5 Nxe5 14. dxe5 Bg4
15. f3 Qxd2+ 16. Rxd2 Be6 17. f4 h5 18. Nb5 Rfc8 19. Nd4 Bd5 20. Nf3 Bxf3 21.
gxf3 Rd8 22. Bd3 e6 23. Be4 Rxd2 24. Kxd2 Rd8+ 25. Ke2 b6 26. a4 Ne7 27. c3 Bh6
28. a5 Nd5 29. Bxd5 Rxd5 30. axb6 cxb6 31. Ra1 Rd7 32. c4 Bf8 33. Ra4 Be7 34.
Bf2 Kg7 35. b4 Rc7 36. Kd3 Kf8 37. b5 Ke8 38. Kc3 Kd7 39. Ra1 Kc8 40. Rd1 Kb7
41. Kb3 a6 42. bxa6+ Kxa6 43. Kc3 Kb7 44. Rb1 Bc5 45. Bxc5 Rxc5 46. Rd1 Kc7 47.
Kb4 Ra5 48. Kb3 Ra8 49. Kb2 Ra4 50. Kb3 b5 51. Rd4 Rxc4 52. Rxc4+ bxc4+ 53. Kc3
Kb6 54. Kxc4 Kc6 55. Kb4 Kd5 56. Kc3 Kc5 57. Kd3 Kb4 58. Kd4 Kb5 59. Kd3 Kc5 60.
Kc3 Kd5 61. Kd3 Kc5 62. Kc3 1/2-1/2

[Event "PRO League Group Stage"]
[Site "chess.com INT"]
[Date "2018.02.24"]
[Round "7"]
[White "Thavandiran, Shiyam"]
[Black "Zwardon, Vojtech"]
[Result "1-0"]
[WhiteTitle "IM"]
[BlackTitle "IM"]
[WhiteElo "2399"]
[BlackElo "2412"]
[WhiteTeam "Montreal Chessbrahs"]
[BlackTeam "Riga Magicians"]
[WhiteFideId "2605058"]
[BlackFideId "325511"]
[EventDate "2018.01.18"]

1. e4 c5 2. Nf3 Nc6 3. d4 cxd4 4. Nxd4 e5 5. Nb5 a6 6. Nd6+ Bxd6 7. Qxd6 Qe7 8.
Qxe7+ Ngxe7 9. c4 Nd4 10. Bd3 Nec6 11. Na3 d6 12. Bd2 O-O 13. Bc3 f5 14. Nc2 Ne6
15. exf5 Nc5 16. O-O-O Nxd3+ 17. Rxd3 Bxf5 18. Rd2 Bxc2 19. Kxc2 Rac8 20. f3 Rf6
21. Rhd1 Rg6 22. b4 b5 23. Rxd6 Rxg2+ 24. R1d2 Rxd2+ 25. Kxd2 bxc4 26. a4 Kf7
27. Ke3 Ke7 28. Rd5 Ke6 29. Rc5 Ne7 30. Rxe5+ Kd6 31. Ke4 g6 32. Ra5 Rc6 33. b5
axb5 34. axb5 Rb6 35. Bb4+ Ke6 36. Kd4 Nc6+ 37. bxc6 Rxb4 38. Rc5 Rb8 39. Rxc4
Kd6 40. c7 Rc8 41. h4 Rxc7 42. Rxc7 Kxc7 43. Ke5 Kd7 44. Kf6 Kd6 45. Kg7 Ke6 46.
Kxh7 Kf7 47. f4 Kf6 48. Kg8 Kf5 49. Kg7 g5 50. hxg5 Kxf4 51. g6 1-0

[Event "PRO League Group Stage"]
[Site "chess.com INT"]
[Date "2018.02.24"]
[Round "7"]
[White "Thavandiran, Shiyam"]
[Black "Agrest, Inna"]
[Result "1-0"]
[WhiteTitle "IM"]
[BlackTitle "WIM"]
[WhiteElo "2399"]
[BlackElo "2280"]
[WhiteTeam "Montreal Chessbrahs"]
[BlackTeam "Stockholm Snowballs"]
[WhiteFideId "2605058"]
[BlackFideId "1708830"]
[EventDate "2018.01.18"]

1. e4 e5 2. Nf3 Nc6 3. Nc3 Nf6 4. Bb5 Bd6 5. d3 a6 6. Ba4 b5 7. Bb3 Bc5 8. a4
Rb8 9. axb5 axb5 10. Nd5 h6 11. c3 d6 12. h3 Nxd5 13. Bxd5 Ne7 14. d4 exd4 15.
Nxd4 O-O 16. O-O Bd7 17. Bb3 Ng6 18. Qh5 Qf6 19. Be3 Ne5 20. Rad1 Nc4 21. Bc1
Rfe8 22. Rfe1 Re5 23. Qe2 Rbe8 24. Bxc4 bxc4 25. Qxc4 Rxe4 26. Rxe4 Rxe4 27. Qd3
d5 28. Nf3 c6 29. Nd4 Qg6 30. Qf3 Qd6 31. Be3 Qe7 32. b4 Bd6 33. Nf5 Bxf5 34.
Qxf5 Be5 35. Qc8+ Kh7 36. Qxc6 Rc4 37. Qxd5 Rxc3 38. b5 Rc2 39. Qd3+ 1-0

[Event "PRO League Group Stage"]
[Site "chess.com INT"]
[Date "2018.02.24"]
[Round "7"]
[White "Agrest, Inna"]
[Black "Abrahamyan, Tatev"]
[Result "0-1"]
[WhiteTitle "WIM"]
[BlackTitle "WGM"]
[WhiteElo "2280"]
[BlackElo "2332"]
[WhiteTeam "Stockholm Snowballs"]
[BlackTeam "San Diego Surfers"]
[WhiteFideId "1708830"]
[BlackFideId "13301918"]
[EventDate "2018.01.18"]

1. e4 e6 2. d4 d5 3. Nc3 Bb4 4. a3 Bxc3+ 5. bxc3 dxe4 6. Qg4 Nf6 7. Qxg7 Rg8 8.
Qh6 Bd7 9. Ne2 Ba4 10. Qd2 c5 11. Ng3 Nc6 12. Bb2 Qb6 13. O-O-O cxd4 14. cxd4
Rc8 15. Kb1 Na5 16. Rc1 h5 17. Qb4 Qxb4 18. axb4 Nc4 19. Bxc4 Rxc4 20. Rhe1 Bc6
21. c3 Bd5 22. Nf1 b5 23. g3 Rc6 24. Ne3 Bb3 25. Re2 Kd7 26. Ba1 Rgc8 27. Rce1
Bc4 28. Nxc4 Rxc4 29. Rxe4 Nxe4 30. Rxe4 a5 31. bxa5 b4 32. cxb4 Rxb4+ 33. Bb2
Rcb8 34. Re2 Rxd4 35. a6 Ra4 36. Kc1 Rxa6 37. Kd1 Ra2 38. Rd2+ Kc6 39. Be5 Rb1+
40. Ke2 Rxd2+ 41. Kxd2 Kd5 42. Bf6 Ke4 43. Ke2 Rb3 44. h4 Ra3 45. Kf1 Kf3 46.
Kg1 Rd3 47. Be5 Rd2 48. Bf4 Rxf2 49. Be5 Rg2+ 50. Kh1 Rxg3 0-1

[Event "PRO League Group Stage"]
[Site "chess.com INT"]
[Date "2018.02.24"]
[Round "7"]
[White "Agrest, Inna"]
[Black "Rosenthal, Nicholas"]
[Result "1/2-1/2"]
[WhiteTitle "WIM"]
[WhiteElo "2280"]
[BlackElo "2169"]
[WhiteTeam "Stockholm Snowballs"]
[BlackTeam "Miami Champions"]
[WhiteFideId "1708830"]
[BlackFideId "2045150"]
[EventDate "2018.01.18"]

1. e4 e6 2. d4 d5 3. Nc3 Nf6 4. Bg5 Be7 5. e5 Nfd7 6. h4 h6 7. Bxe7 Qxe7 8. Qg4
Rg8 9. O-O-O a6 10. f4 c5 11. Nf3 Nc6 12. Qg3 b5 13. dxc5 Nxc5 14. Nd4 Bb7 15.
a3 O-O-O 16. Be2 Kb8 17. Kb1 g6 18. Qe3 Rc8 19. Bf3 Nxd4 20. Rxd4 Rc7 21. g3
Rgc8 22. h5 g5 23. fxg5 hxg5 24. h6 f5 25. Rh5 g4 26. Bd1 Rh8 27. Ne2 Ne4 28.
Nf4 Qe8 29. Qg1 Rch7 30. Qh2 Rg8 31. c3 Bc8 32. Bc2 Ng5 33. Bd1 Nf7 34. Qe2 Rxh6
35. Rxh6 Nxh6 36. a4 Rg7 37. Qe3 Nf7 38. Nh5 Rg6 39. Nf6 Qc6 40. axb5 axb5 41.
Be2 Ba6 42. Rb4 Ka8 43. b3 Rh6 44. Kb2 Rh2 45. Ka3 Qc7 46. Bxb5 Bxb5 47. Rxb5
Qa7+ 48. Qxa7+ Kxa7 49. Rc5 Nxe5 50. Rc7+ Kb6 51. Re7 Nd3 52. Rxe6+ Kc7 53.
Nxd5+ Kd7 54. Rf6 Rg2 55. Rxf5 Rxg3 56. Rg5 1/2-1/2

[Event "PRO League Group Stage"]
[Site "chess.com INT"]
[Date "2018.02.24"]
[Round "7"]
[White "Agrest, Inna"]
[Black "Banawa, Joel"]
[Result "1-0"]
[WhiteTitle "WIM"]
[BlackTitle "IM"]
[WhiteElo "2280"]
[BlackElo "2397"]
[WhiteTeam "Stockholm Snowballs"]
[BlackTeam "Las Vegas Desert Rats"]
[WhiteFideId "1708830"]
[BlackFideId "2024055"]
[EventDate "2018.01.18"]

1. e4 e6 2. d4 d5 3. Nc3 Nf6 4. Bg5 Be7 5. e5 Nfd7 6. h4 h6 7. Bxe7 Qxe7 8. Qg4
O-O 9. f4 c5 10. Nf3 Nc6 11. O-O-O f5 12. Qh3 c4 13. g4 b5 14. gxf5 Rxf5 15. Qg3
Ba6 16. Bh3 b4 17. Nxd5 exd5 18. Bxf5 Nf8 19. Rhg1 c3 20. b3 Be2 21. Rde1 Bxf3
22. Qxf3 Rd8 23. h5 Nxd4 24. Qg4 a5 25. Bd3 a4 26. f5 axb3 27. cxb3 Qa7 28. f6
Nfe6 29. Qg6 Nxb3+ 30. Kd1 c2+ 31. Bxc2 Qd4+ 32. Bd3 Qa1+ 33. Bb1 Qd4+ 34. Qd3
Qxd3+ 35. Bxd3 Nbc5 36. Bf5 Ra8 37. Rg2 d4 38. fxg7 d3 39. Bxe6+ Nxe6 40. Rb2
Nc5 41. e6 b3 42. axb3 Kxg7 43. e7 Ra1+ 44. Kd2 Rxe1 45. Kxe1 Kf7 46. b4 Ne4 47.
b5 Nd6 48. b6 Nb7 49. Kd2 Kxe7 50. Kxd3 Kd6 51. Ke4 Nc5+ 52. Kf5 Nb7 53. Kg6 Kc6
54. Kxh6 1-0

[Event "PRO League Group Stage"]
[Site "chess.com INT"]
[Date "2018.02.24"]
[Round "7"]
[White "Agrest, Inna"]
[Black "Gurevich, Daniel"]
[Result "0-1"]
[WhiteTitle "WIM"]
[BlackTitle "IM"]
[WhiteElo "2280"]
[BlackElo "2483"]
[WhiteTeam "Stockholm Snowballs"]
[BlackTeam "Minnesota Blizzard"]
[WhiteFideId "1708830"]
[BlackFideId "2044676"]
[EventDate "2018.01.18"]

1. e4 c6 2. d4 d5 3. f3 e6 4. Nc3 Bb4 5. Qd3 Nf6 6. Ne2 O-O 7. Bg5 Be7 8. O-O-O
b5 9. h4 b4 10. Nb1 Ba6 11. Qe3 Nbd7 12. g4 Nb6 13. Ng3 Bxf1 14. Rhxf1 Nc4 15.
Qe2 h6 16. Bf4 Nh7 17. b3 Nd6 18. g5 hxg5 19. Bxd6 Bxd6 20. e5 gxh4 21. Nh5 Be7
22. Rg1 g6 23. Kb2 Kh8 24. Nf4 Bg5 25. Nd3 a5 26. Rg4 a4 27. Nxb4 axb3 28. cxb3
Qa5 29. a3 Be7 30. Nc2 Rfb8 31. Rd3 c5 32. dxc5 Qxc5 33. Qe3 Qxe3 34. Rxe3 Kg7
35. f4 f5 36. Rg2 g5 37. Nd4 Kf7 38. Nc6 gxf4 39. Rh3 Rg8 40. Rxg8 Rxg8 41. Nxe7
Rg2+ 42. Kc3 Rg3+ 43. Rxg3 fxg3 44. Nxd5 exd5 45. Nd2 h3 46. Nf3 h2 0-1

[Event "PRO League Group Stage"]
[Site "chess.com INT"]
[Date "2018.02.24"]
[Round "7"]
[White "Dreev, Aleksey"]
[Black "Ghasi, Ameet K"]
[Result "1-0"]
[WhiteTitle "GM"]
[BlackTitle "IM"]
[WhiteElo "2653"]
[BlackElo "2475"]
[WhiteTeam "San Diego Surfers"]
[BlackTeam "London Towers"]
[WhiteFideId "4100107"]
[BlackFideId "409200"]
[EventDate "2018.01.18"]

1. d4 Nf6 2. Nf3 g6 3. g3 Bg7 4. Bg2 O-O 5. O-O d5 6. c4 c6 7. Qb3 Qb6 8. Nc3
Rd8 9. Bd2 Na6 10. Rfc1 Ne4 11. Qxb6 axb6 12. cxd5 Nxc3 13. bxc3 Rxd5 14. Ne5
Rd8 15. Nc4 b5 16. Nb6 Ra7 17. a4 bxa4 18. Rxa4 Be6 19. Be3 Kf8 20. Rb1 Ke8 21.
Bf4 Bf5 22. Rba1 c5 23. e3 Bd7 24. Ra5 cxd4 25. cxd4 Bf5 26. Bc7 Nxc7 27. Rxa7
e5 28. Rxb7 Ne6 1-0

[Event "PRO League Group Stage"]
[Site "chess.com INT"]
[Date "2018.02.24"]
[Round "7"]
[White "Dreev, Aleksey"]
[Black "Guseinov, Gadir"]
[Result "1/2-1/2"]
[WhiteTitle "GM"]
[BlackTitle "GM"]
[WhiteElo "2653"]
[BlackElo "2646"]
[WhiteTeam "San Diego Surfers"]
[BlackTeam "Estonia Horses"]
[WhiteFideId "4100107"]
[BlackFideId "13401378"]
[EventDate "2018.01.18"]

1. d4 Nf6 2. Nf3 g6 3. g3 Bg7 4. Bg2 O-O 5. O-O d6 6. b3 c5 7. c4 Nc6 8. Bb2
cxd4 9. Nxd4 Bd7 10. Nc3 Nxd4 11. Qxd4 Bc6 12. Qd2 Qa5 13. Rfd1 Bxg2 14. Kxg2
Rfc8 15. Qe3 Ng4 16. Qf3 Ne5 17. Qxb7 Rab8 18. Qd5 Nxc4 19. Qxa5 Nxa5 20. Rdc1
Nc4 21. Nd5 Bxb2 22. Nxe7+ Kf8 23. Nxc8 Rxc8 24. bxc4 Bxa1 25. Rxa1 Rxc4 26. Rd1
Rc2 27. Rxd6 Rxa2 28. e4 h5 29. Rd7 a5 30. Ra7 a4 31. h4 a3 32. Kf3 Kg8 33. Ke3
Ra1 34. Kf4 a2 35. e5 Kg7 36. e6 Re1 37. Rxa2 Rxe6 38. Kf3 1/2-1/2